000 00423 a2200169 4500
001 190984
020 _a978-85-7153-239-7
040 _cMagnum
100 _aYáñez, Alberto
240 1 0 _aTrocando gato por lebre ou menino por vaca
_lpor
245 1 0 _aTrocando gato por lebre ou menino por vaca
300 _a36
362 0 _a2009
440 1 _aRHJ
697 _aLITERATURA INFANTO-JUVENIL ESTRANGEIRA
942 _cBK
999 _c190984
_d190984